Zgadnij Loga#1 - Statystyki

Ogólne statystyki
  • Ten quiz został rozwiązany 287 razy
  • Średni wynik to 14 z 16
Statystyki odpowiedzi
Obrazkowy Odpowiedź % Poprawnych
KFC
99%
McDonalds
98%
Instagram
97%
Minecraft
97%
YouTube
97%
Nintendo
95%
Starbucks
95%
PlayStation
93%
Citroën
89%
Mario
84%
Roblox
83%
volkswagen
83%
Duolingo
81%
peugeot
79%
Tacobell
64%
Garten Of BanBan
44%
Nie znaleziono quizów pasujących do podanych kryteriów
Rozkład punktacji
Procent ludzi z każdym wynikiem
Percentyl według liczby udzielonych odpowiedzi
Twoja historia wyników
Nie rozwiązałeś tego quizu